000 00569nam a22002177a 4500
003 UA-OsUOA
001 98911
007 ta
008 20130422b un ||||| |||| 00| 0 ukr d
090 _a821.111
_bП67
942 _cBK
040 _aUA-OsUOA
_brus
_cUA-OsUOA
_dUA-OsUOA
245 _aПоэты Западной Африки
300 _a255 с.
955 _a3
041 _arus
080 _a821.111
260 _aМ.
_bМолодая гвардия
_c1983
650 7 _a82 Література. Літературознавство
_2UDC
999 _c384759
_d384759